Hearsay - Statistics

General Stats
  • This quiz has been taken 12 times
  • The average score is 8 of 22
Answer Stats
Answer % Correct
Excited Utterance
100%
Present Sense Impression
80%
Prior Inconsistent Statement
80%
Dying Declaration
60%
Prior Consistent Statement
60%
Ancient Document
40%
Business Record
40%
Former Testimony
40%
Party Opponent
40%
Personal/Family History
40%
Prior Identification
40%
Public Record
40%
Statement Against Interest
40%
Then-existing State of Mind
40%
Catch-all
20%
Judgment in Prior Conviction
20%
Medical Diagnosis/Treatment
20%
Wrongdoing
20%
Coconspirator
0%
Recorded Recollection
0%
Reputation
0%
Treatises
0%
No matching quizzes found
Score Distribution
Percent of People with Each Score
Percentile by Number Answered
Your Score History
You have not taken this quiz